W której wersji minecraft Java Edition zostało to dodane? - Statystyki

Ogólne statystyki
  • Ten quiz został rozwiązany 141 razy
  • Średni wynik to 13 z 37
Statystyki odpowiedzi
Przedmiot/Blok/Mob Wersja % Poprawnych
Elytrea 1.9
73%
Wędrowny Handlarz 1.14
65%
Blok Netherowej Brodawki 1.10
49%
Kompostownik 1.14
49%
Stół Łuczarski 1.14
49%
Krosno 1.14
49%
Osadnik 1.0
46%
Endermite 1.8
46%
Kwiat Refrenusu 1.9
46%
Kamień Endu 1.0
45%
Tryb Hardcore 1.0
44%
Jack'o Lantern Alpha
43%
Blok Kwarcu 1.5
40%
Pustynna Świątynia 1.3
36%
Forteca Netheru 1.0
35%
Tłumaczenia Gry 1.1
35%
Blok Szmaragdu 1.3
35%
Blok Bariery 1.8
35%
Tryb Widza 1.8
32%
Wagonik z Command Blockiem 1.7
31%
Żółty Barwnik 1.2
29%
Pustynna Studnia 1.2
29%
Wilk Beta
29%
Sfermentowane Oko Pająka 1.0
28%
Jasnoniebieski Barwnik 1.2
27%
Lampa 1.2
27%
Crafting Indev
27%
Bryłka Złota 1.0
26%
Śnieg Alpha
24%
Owca Classic
24%
Szyba Beta
23%
Drzewo Classic
23%
Księżyc Indev
20%
Nasiona Pszenicy Indev
19%
Tryb Demo 1.3
17%
Blok Trawy Pre-classic
14%
Cząsteczki Pre-classic
8%
Nie znaleziono quizów pasujących do podanych kryteriów
Rozkład punktacji
Procent ludzi z każdym wynikiem
Percentyl według liczby udzielonych odpowiedzi
Twoja historia wyników
Nie rozwiązałeś tego quizu